000 01026nam a2200229 a 4500
001 000041590
005 20201002035644.0
008 131011s2004 sp a 000 0 spa d
020 _a8484832260
040 _aDO-SdBNP
_bspa
_cBNPHU
082 _axxx
_bP116t
100 1 _aPacheco, Francisco
_968355
245 1 3 _aEl túmulo de la reina doña Ana de Austria /
_cEl licenciado Francisco Pacheco ; introducción, edición crítica, traducción anotada e índices a cargo de Bartolomé Pozuelo Calero ; prólogo de Francisco J. Talavera Esteso.
260 _aMadrid :
_bAlcañiz
_bInstituto de Estudios Humanísticos,
_c2004.
300 _acxlvlll, 250 p. :
_bil. ;
_c24 cm.
490 1 _aPalmyrenus
_atextos
_v11
500 _aIncluye referencias bibliográficas y notas al pie de las páginas.
500 _aIncluye datos biográficos del autor en la solapa de la cubierta.
700 1 2 _aPozuelo Calero, Bartolomé
_968356
700 1 2 _aTalavera Esteso, Francisco J.
_epról.
_968357
830 0 _aPalmyrenus
_ptextos
_v11
_968358
999 _c41080
_d41080